000 002680000a22000970004500
100 1 _aHoward, David M.
245 1 0 _aUna oportunidad para toda la vida
300 _aVol. 76, Num. 4 (Octubre-Diciembre, 1996), Página 4
773 0 _tLatin America Evangelist
942 _cANA
999 _c55035
_d55035